000 00597nam a22001937a 4500
003 OSt
005 20251205045427.0
008 251205b |||||||| |||| 00| 0 eng d
020 _a971-118-094-4.
040 _aDWCL-Main lib.
_cOC
082 _aFil. 895.6 S254 1990
100 _aSato, Kazuo
245 _aThe rise of the suns and voices/
_cKazuo Sato
260 _aManila :
_b De La Salle University Press,
_cc1990.
300 _a56 p. ;
_c22 cm.
504 _aIncludes bibliographical references and index
650 _aJapanese literature-English.
942 _2ddc
_cBK - FIL
_hFil.
_n0
999 _c6932
_d6932